| 000 | 01991nam0a2200409 4500 | ||
|---|---|---|---|
| 001 | RU\NLR\bibl\867966 | ||
| 005 | 20260407104050.0 | ||
| 010 |
_a5-89282-110-2 _9200 |
||
| 035 | _a(NLR Aleph) 000856604 | ||
| 090 |
_a1513531 _c1513531 |
||
| 100 | _a20051108d2000 |||y0rusy50 ca | ||
| 101 | 0 |
_arus _deng |
|
| 102 | _aRU | ||
| 105 | _aa ||||||||| | ||
| 200 | 1 |
_a"Каждый мерит мир собственной душой" _eдневник С.А. Кондратьева, участника экспедиции П.К. Козлова в Монголию (1923-1926) |
|
| 210 |
_aМ. _cИнститут востоковедения РАН _d2000 |
||
| 215 |
_a281 с. _cил. _d20 |
||
| 225 | 1 |
_aБюллетень _fРос. акад. наук, О-во востоковедов _vВып. 3 |
|
| 300 | _aРез. на англ. яз. | ||
| 320 | _aАннотир. список имен, встречающихся в дневниках С.А. Кондратьева: с.272-278 | ||
| 320 | _aБиблиогр.: с.279-280 | ||
| 600 | 1 |
_aКондратьев _bС. А. _gСергей Александрович _2psbo |
|
| 600 | 1 |
_aКозлов _bП.К. _f1863 - 1935 _gПетр Кузьмич _xМонголо-Тибетская экспедиция _z1923 - 1926 _91309576 _3RU\NLR\auth\66543069 |
|
| 601 | 1 | 2 |
_aМонголо-Тибетская экспедиция П.К. Козлова _f1923 - 1926 _92372656 _3RU\NLR\auth\661416128 |
| 607 |
_aМонголия _xЭтнографические исследования _91647688 _3RU\NLR\auth\66729081 |
||
| 686 | _aТ52(54Мо) | ||
| 686 | _aД890(54,4)022 | ||
| 686 | _aТ4(54Мо) | ||
| 712 | 0 | 2 |
_4570 _aМонголо-Тибетская экспедиция П. К. Козлова _c1923-1926 _9620242 _3RU\NLR\AUTH\8810059487 |
| 801 | 0 |
_aRU _bNLR _c20051108 _grcr |
|
| 801 | 1 |
_aRU _bNLR _c20051108 |
|
| 852 |
_aNLR _jП23/8181 |
||
| 942 | _cBOOK | ||
| 980 | _aNB | ||